00777nam a22002057a 450000500170000001000150001702000230003203500140005503700090006908200130007810000360009124501090012725000060023626000390024227000750028130000200035694200240037699900190040095201520041920250328113940.0 aENG-144363 c595.00a8188852961 aEN-127895 bDBAD a260.221 aMajhail, Harjinder Singh980000 aPhilosophy of 'Charhdi kala' and Higher state of Mind in Sri Guru Granth Sahib/cHarjinder Singh Majhail a1 aJalandharbDeepak Publishersc2010 bJalandhare144008aMai Hiran Gatemdeepakpublishers@yahoo.comk2214196 a360p.c22cm(hb) 2ddccENmMAJh260.2 c210567d210567 001040708NFICaMbMd2025-03-28eDelivery of Books Act Divisiong595.00l0oMAJ 260.2pEN-127895r2025-03-28 00:00:00t1v595.00w2025-03-28yEN